[Event "Mumbai Wealth op U13 4th"]
[Site "Mumbai"]
[Date "2019.01.02"]
[Round "4"]
[White "Vasudeva, Varun"]
[Black "Kapadia, Prisha"]
[Result "1/2-1/2"]
[WhiteElo "1209"]
[BlackElo "1037"]
[PlyCount "65"]
[EventDate "2018.12.30"]
[EventType "swiss"]
[EventRounds "9"]
[EventCountry "IND"]
[SourceTitle "CBM 188 Extra"]
[Source "ChessBase"]
[SourceDate "2019.02.26"]
[SourceVersion "1"]
[SourceVersionDate "2019.02.26"]
[SourceQuality "1"]

1. e4 c5 2. Nf3 e6 3. d4 cxd4 4. Nxd4 a6 5. Nc3 Qc7 6. Be3 Nf6 7. f3 Be7 8. Bd3 0-0 9. Qd2 Nc6 10. Nb3 b5 11. Qf2 d6 12. g4 Bb7 13. h4 Ne5 14. h5 Rfe8 15. g5 Nfd7 16. Qg3 d5 17. Qg2 Nxd3+ 18. cxd3 Ne5 19. Rd1 Bb4 20. Bd4 Rad8 21. a3 Bxc3+ 22. bxc3 dxe4 23. fxe4 Nc6 24. g6 Nxd4 25. gxh7+ Kxh7 26. cxd4 Qc3+ 27. Nd2 Qxd4 28. Nb3 Qc3+ 29. Nd2 Qd4 30. Nb3 Qc3+ 31. Nd2 Qd4 32. Nb3 Qc3+ 33. Nd2 1/2-1/2